000 00475nam a2200181Ia 4500
001 17415
005 20260306171516.0
008 260306s9999||||xx |||||||||||||| ||und||
041 _aESP
082 _a657.92
_bV19
100 _aValdiviezo Rosado, José
_eAUT
245 0 _aDisolución, liquidación y extinción de sociedades aplicación contable
260 _c2016
300 _a31 páginas :
_c24 cm.
650 _aGEN
654 _aCCO
942 _cLIB
_dJUS
_fJUS
_2ddc
_n
999 _c17415
_d17415